[Event "SV Empor Erfurt-SK Gründau"]
[Site "?"]
[Date "2007.12.29"]
[Round "5.1"]
[White "Kuhn, Jan"]
[Black "Urban, Lars"]
[Result "1-0"]
[WhiteElo "1606"]
[BlackElo "1657"]
[PlyCount "107"]
[EventDate "2007.??.??"]

1. e4 e6 2. d4 d5 3. exd5 exd5 4. Bd3 Bd6 5. Ne2 Nc6 6. Nbc3 Qh4 7. Nxd5 Be6 8.
Ndc3 O-O-O 9. d5 Bc5 10. Ne4 Rxd5 11. Nxc5 Rxc5 12. Be3 Rd5 13. Nf4 Re5 14. g3
Qe7 15. Nxe6 Qxe6 16. Bf1 Nge7 17. c3 Rd8 18. Qc2 Kb8 19. Be2 Nf5 20. Bf4 Re4
21. f3 Ne3 22. Qxe4 Qxe4 23. fxe4 Nc2+ 24. Kf2 Nxa1 25. Rxa1 h6 26. Rd1 Re8 27.
Rd7 Ka8 28. Rxf7 a6 29. Rxc7 Rxe4 30. Bf3 Re7 31. Bxc6 Rxc7 32. Bxc7 bxc6 33.
Bd6 g6 34. Kf3 Kb7 35. Bf8 h5 36. Kf4 Kc8 37. Kg5 h4 38. gxh4 Kd7 39. Kxg6 Ke8
40. Bg7 a5 41. h5 c5 42. h6 a4 43. h7 c4 44. h8=Q+ Kd7 45. Qa8 Kd6 46. Qxa4 Kd5
47. Qb5+ Ke4 48. Qxc4+ Ke3 49. Qd4+ Kf3 50. Kf5 Ke2 51. Ke4 Kf1 52. Qd2 Kg1 53.
Kf3 Kh1 54. Qg2# 1-0

[Event "LSV Turm Lippstadt-SF Köln-Mülheim"]
[Site "?"]
[Date "2007.12.29"]
[Round "5.1"]
[White "Pauly, Carlo"]
[Black "Tran, Duc Cuong"]
[Result "1-0"]
[WhiteElo "1649"]
[BlackElo "1709"]
[PlyCount "37"]
[EventDate "2007.??.??"]

1. d4 d5 2. c4 c6 3. Nf3 Nf6 4. Nc3 Bf5 5. Qb3 Bc8 6. Bf4 e6 7. e3 Be7 8. Rc1
O-O 9. cxd5 exd5 10. Bd3 Nbd7 11. O-O Re8 12. Nb5 Rf8 13. Bc7 Qe8 14. Nd6 Bxd6
15. Bxd6 Qe6 16. Bxf8 Nxf8 17. Ne5 Rb8 18. Rxc6 Qe7 19. Rfc1 {Aufgabe Schwarz}
1-0

[Event "LSV Turm Lippstadt-SF Köln-Mülheim"]
[Site "?"]
[Date "2007.12.29"]
[Round "5.2"]
[White "Valledor Pereira, Dominik Damian"]
[Black "Eigemann, Frederik"]
[Result "0-1"]
[WhiteElo "1236"]
[BlackElo "1564"]
[PlyCount "122"]
[EventDate "2007.??.??"]

1. e4 e6 2. d4 d5 3. exd5 exd5 4. Nf3 Bg4 5. Be3 Nf6 6. Be2 Nbd7 7. Nbd2 Bd6 8.
O-O c6 9. h3 Bf5 10. c4 O-O 11. Re1 Re8 12. Qb3 Qc7 13. Nf1 Be6 14. c5 Bf8 15.
Ng3 Ne4 16. Kh2 Ndf6 17. Ne5 Nxg3 18. fxg3 Ne4 19. Bf4 Qc8 20. Qe3 f6 21. Ng4
Bf5 22. Qf3 Qd7 23. Bd3 Re7 24. Bxe4 Bxe4 25. Qc3 Rae8 26. Re3 Bf5 27. Rxe7
Rxe7 28. Ne3 Bg6 29. Re1 Re4 30. Ng4 Qe6 31. Rxe4 Qxe4 32. Qe3 Qxe3 33. Bxe3
Be7 34. Bd2 Bd8 35. b4 Bh5 36. Ne3 Bg6 37. a4 a6 38. a5 Be4 39. h4 f5 40. Kh3
Bf6 41. Bc3 Kf7 42. Nf1 h6 43. Nh2 g5 44. hxg5 hxg5 45. Nf3 g4+ 46. Kh2 gxf3
47. gxf3 Bxf3 48. Kg1 Bg5 49. Kf2 Be4 50. Ke2 f4 51. gxf4 Bxf4 52. Kf2 Kf6 53.
Ke2 Kf5 54. Kf2 Bh1 55. Ke2 Ke4 56. Kf2 Be3+ 57. Ke2 Bxd4 58. Bxd4 Kxd4 59. Kd2
Kc4 60. Kc2 Kxb4 61. Kb2 Kxa5 0-1

[Event "LSV Turm Lippstadt-SF Köln-Mülheim"]
[Site "?"]
[Date "2007.12.29"]
[Round "5.4"]
[White "Barkey, Thies"]
[Black "Rahmen, Christian"]
[Result "1-0"]
[WhiteElo "1184"]
[BlackElo "771"]
[PlyCount "43"]
[EventDate "2007.??.??"]

1. e4 d5 2. exd5 Qxd5 3. d4 c6 4. Nc3 Qa5 5. Nf3 Nf6 6. Be2 Bf5 7. O-O e6 8.
Bf4 Nbd7 9. Re1 O-O-O 10. Bd3 Bxd3 11. Qxd3 h6 12. Ne4 Rg8 13. Qc3 Bb4 14. Nd6+
Kc7 15. Nc4+ Kc8 16. Nxa5 Bxc3 17. bxc3 g5 18. Bd2 Nf8 19. Rab1 b6 20. Nxc6 Rd6
21. Ne7+ Kd7 22. Nxg8 {Aufgabe Schwarz} 1-0

[Event "SK Ettlingen-SV Empor Berlin"]
[Site "?"]
[Date "2007.12.29"]
[Round "5.1"]
[White "Tong, Lukas Fabian Chuan"]
[Black "Volz, Alexander"]
[Result "1/2-1/2"]
[WhiteElo "1575"]
[BlackElo "1480"]
[PlyCount "91"]
[EventDate "2007.??.??"]

1. d4 d5 2. c4 dxc4 3. Nf3 a6 4. a4 Nc6 5. e3 e5 6. d5 Na5 7. Nc3 Nb3 8. Rb1
Bd6 9. Bxc4 Nxc1 10. Rxc1 Nf6 11. Qc2 O-O 12. O-O Bd7 13. e4 Qe7 14. Ba2 Rac8
15. Qd3 Rfe8 16. Rfd1 h6 17. h3 Red8 18. Bb3 Re8 19. Rc2 Red8 20. Rdc1 Nh5 21.
Qd1 Nf4 22. Ne2 Nxe2+ 23. Qxe2 Qe8 24. a5 Bb5 25. Bc4 Ba4 26. b3 Bd7 27. Qd2
Qe7 28. Qc3 Re8 29. Ra1 Bb4 30. Qd3 Bd6 31. Qd1 Red8 32. Be2 Re8 33. Nh2 Rf8
34. Nf1 Rfe8 35. Ne3 Rf8 36. Qc1 Rfe8 37. Bg4 Bxg4 38. Nxg4 Qg5 39. Ne3 Red8
40. Ra4 Qe7 41. Nf5 Qd7 42. Nxd6 cxd6 43. Rxc8 Rxc8 44. Rc4 Rxc4 45. Qxc4 g6
46. b4 1/2-1/2

[Event "SC Einheit Bautzen-SG Porz 47"]
[Site "?"]
[Date "2007.12.29"]
[Round "5.1"]
[White "Krause, Johann"]
[Black "Rührmund, Daniel"]
[Result "0-1"]
[WhiteElo "1333"]
[BlackElo "1584"]
[PlyCount "116"]
[EventDate "2007.??.??"]

1. e3 c5 2. Nf3 g6 3. d4 cxd4 4. Nxd4 Bg7 5. Bd2 Nf6 6. Bc3 Ne4 7. Bd3 Nxc3 8.
Nxc3 Nc6 9. Be4 O-O 10. O-O f5 11. Nxc6 bxc6 12. Bf3 Rb8 13. Rb1 Ba6 14. Be2
Bxe2 15. Qxe2 d5 16. Na4 Qa5 17. b3 e5 18. c4 Rbc8 19. Rbd1 Rfd8 20. Rd2 Rd7
21. Rfd1 Rcd8 22. cxd5 cxd5 23. Qd3 h6 24. Qc2 d4 25. Qc4+ Kh7 26. h3 Rc8 27.
Qe2 Rdc7 28. exd4 exd4 29. Kh2 Qb4 30. Nb2 Qd6+ 31. Kg1 Re7 32. Qf1 Rce8 33.
Rc2 Rd7 34. Nc4 Qd5 35. Re2 Rxe2 36. Qxe2 h5 37. Qd2 Bf6 38. Re1 Bg7 39. Qg5 d3
40. Qd2 Bh6 41. Ne3 Qd4 42. Rd1 f4 43. Nf1 f3 44. Qa5 fxg2 45. Kxg2 Rf7 46. Qe1
Qd5+ 47. Kg1 Qf3 48. Qe8 Qxf2+ 49. Kh1 Qf3+ 50. Kg1 Bg7 51. Qe1 Qxh3 52. Qe4
Rd7 53. Kf2 Bd4+ 54. Ke1 d2+ 55. Kxd2 Bc3+ 56. Kc2 Rxd1 57. Qe7+ Bg7 58. Kxd1
Qxf1+ 0-1

[Event "USV Potsdam-SF Brackel Dortmund"]
[Site "?"]
[Date "2007.12.29"]
[Round "5.1"]
[White "Schwiddessen, Jan"]
[Black "Friedrich, Wiede"]
[Result "0-1"]
[WhiteElo "1335"]
[BlackElo "1963"]
[PlyCount "60"]
[EventDate "2007.??.??"]

1. d4 Nf6 2. c4 c5 3. Nf3 e6 4. Bf4 Be7 5. e3 d5 6. Nc3 O-O 7. Qc2 Nc6 8. Bd3
cxd4 9. Nxd4 Nxd4 10. exd4 dxc4 11. Bxc4 Qxd4 12. Ne2 Bb4+ 13. Kf1 Qb6 14. Be3
Bc5 15. Bxc5 Qxc5 16. Bd3 Qa5 17. Nc3 Bd7 18. Rd1 Bc6 19. h4 Rac8 20. Qe2 Rfd8
21. h5 Qg5 22. f3 Nxh5 23. Rxh5 Qxh5 24. Ne4 Bxe4 25. fxe4 Qh6 26. Qf3 Rc1 27.
Rxc1 Qxc1+ 28. Kf2 Qxb2+ 29. Kg3 Qxa2 30. Kg4 Qb3 0-1

[Event "USV Potsdam-SF Brackel Dortmund"]
[Site "?"]
[Date "2007.12.29"]
[Round "5.3"]
[White "Tiemann, Uwe"]
[Black "Cech, Tim"]
[Result "1-0"]
[WhiteElo "1031"]
[BlackElo "1218"]
[PlyCount "64"]
[EventDate "2007.??.??"]

1. e4 c6 2. d4 d5 3. exd5 cxd5 4. Bb5+ Bd7 5. Bxd7+ Qxd7 6. Nc3 Nf6 7. Nf3 e6
8. O-O Bb4 9. Ne5 Qd8 10. Qd3 O-O 11. Qb5 Qb6 12. Qxb6 axb6 13. Bg5 Nc6 14.
Bxf6 gxf6 15. Nd7 Rfd8 16. Nxf6+ Kg7 17. Nh5+ Kh8 18. a3 Bxc3 19. bxc3 Re8 20.
Nf6 Re7 21. Rfe1 Kg7 22. Ng4 f6 23. Ne3 Ra5 24. c4 Kg6 25. c3 b5 26. cxd5 exd5
27. Nxd5 Rxe1+ 28. Rxe1 Rxa3 29. Rc1 Rb3 30. Nb6 Ra3 31. h4 h5 32. Kh2 Ra2 {
Partie nicht weiter rekonstruierbar} 1-0

[Event "SV Stuttgart-Wolfbusch-SF Baiertal-Scha"]
[Site "?"]
[Date "2007.12.29"]
[Round "5.1"]
[White "Herbst, Matthew"]
[Black "Schnorr, Christian"]
[Result "1-0"]
[WhiteElo "1153"]
[BlackElo "1569"]
[PlyCount "119"]
[EventDate "2007.??.??"]

1. e4 c5 2. Nf3 e6 3. d4 cxd4 4. Nxd4 Nf6 5. Nc3 d6 6. Bc4 a6 7. Bb3 b5 8. Bg5
Be7 9. a3 Bb7 10. Bxe6 Nxe4 11. Be3 Nxc3 12. bxc3 Bf6 13. Bh3 Nd7 14. Qe2 Qe7
15. O-O O-O 16. Rad1 Rac8 17. Qd2 d5 18. Ra1 Rc4 19. Nf5 Qe5 20. Bd4 Qc7 21.
Rac1 Bxd4 22. cxd4 Nf6 23. Qg5 Ne8 24. Rfe1 f6 25. Qh5 Qf7 26. Nh6+ gxh6 27.
Be6 Qxe6 28. Rxe6 Ng7 29. Qg4 Rxd4 30. Qxd4 Nxe6 31. Qg4+ Ng7 32. Re1 Bc8 33.
Qg3 Bf5 34. Re7 Bg6 35. Qc7 Bf7 36. Qc6 Nf5 37. Re1 Nd4 38. Qc3 Nf5 39. Qxf6
Bg6 40. Qe6+ Rf7 41. Qxd5 Kg7 42. Qe5+ Rf6 43. Qb2 Bf7 44. Re4 h5 45. Rf4 Bg6
46. h3 h4 47. g4 hxg3 48. fxg3 h6 49. g4 Kf7 50. gxf5 Rxf5 51. Rxf5+ Bxf5 52.
Qb3+ Be6 53. Qf3+ Kg6 54. Qc6 Kf7 55. Kh2 Bc4 56. Kg3 Kg7 57. Kf4 a5 58. Kf5 a4
59. Qc7+ Kf8 60. Kf6 1-0

[Event "SV Unterkochen-SC Vaterstetten"]
[Site "?"]
[Date "2007.12.29"]
[Round "5.2"]
[White "Basaran, Mehmet"]
[Black "Nitsche-Hahn, Raphael"]
[Result "0-1"]
[WhiteElo "865"]
[BlackElo "1528"]
[PlyCount "104"]
[EventDate "2007.??.??"]

1. e4 c5 2. Nf3 Nc6 3. d4 cxd4 4. Nxd4 Nf6 5. Nxc6 bxc6 6. Nc3 d6 7. h3 g6 8.
Be2 Bg7 9. O-O O-O 10. Re1 Rb8 11. Bf3 Nd7 12. Rb1 Bxc3 13. Bh6 Bxe1 14. Bxf8
Qxf8 15. Qxe1 Qg7 16. c3 Ba6 17. b3 Nf6 18. c4 c5 19. Be2 Nxe4 20. Bf1 Bb7 21.
f3 Qd4+ 22. Kh2 Nd2 23. Rd1 Nxf1+ 24. Qxf1 Qb2 25. Re1 e6 26. Re2 Qf6 27. Rd2
Re8 28. Kg1 d5 29. cxd5 exd5 30. Rc2 Ba6 31. Qf2 Qd4 32. Qxd4 cxd4 33. Rc5 d3
34. Rxd5 Re2 35. a4 d2 36. b4 Re1+ 37. Kh2 d1=Q 38. Rxd1 Rxd1 39. b5 Bb7 40.
Kg3 Ra1 41. a5 Rxa5 42. Kf4 Rxb5 43. g4 a5 44. h4 a4 45. h5 a3 46. hxg6 a2 47.
gxf7+ Kxf7 48. g5 a1=Q 49. Kg4 Qd4+ 50. Kg3 Rxg5+ 51. Kh3 Qg1 52. Kh4 Qg3# 0-1

[Event "SV Unterkochen-SC Vaterstetten"]
[Site "?"]
[Date "2007.12.29"]
[Round "5.3"]
[White "Xiong, Ferdinand"]
[Black "Degünther, Julius"]
[Result "1-0"]
[WhiteElo "1489"]
[BlackElo "976"]
[PlyCount "45"]
[EventDate "2007.??.??"]

1. e4 e5 2. Nf3 Nc6 3. Bc4 Nf6 4. d3 Be7 5. h3 h6 6. O-O O-O 7. a4 d6 8. Nc3
Re8 9. Be3 b6 10. Nd2 Bb7 11. f4 exf4 12. Bxf4 Nd4 13. Nf3 Nxf3+ 14. Qxf3 a6
15. Bd2 Qd7 16. Qg3 g5 17. h4 g4 18. Bxh6 Kh7 19. Be3 Nh5 20. Rxf7+ Kg6 21. Qf2
Rf8 22. Qf5+ Qxf5 23. exf5# 1-0

[Event "SV Unterkochen-SC Vaterstetten"]
[Site "?"]
[Date "2007.12.29"]
[Round "5.4"]
[White "Schmid, Bernd"]
[Black "Opitz, Jonas"]
[Result "0-1"]
[WhiteElo "776"]
[BlackElo "1075"]
[PlyCount "76"]
[EventDate "2007.??.??"]

1. e4 d6 2. f4 Nf6 3. Nf3 g6 4. d4 Bg7 5. Nc3 O-O 6. Bc4 Nc6 7. Be3 Bd7 8. Qd3
Re8 9. O-O-O e5 10. fxe5 dxe5 11. dxe5 Nxe5 12. Nxe5 Rxe5 13. Rhf1 Re8 14. Bd4
Bg4 15. Rd2 Qe7 16. Bxf6 Bxf6 17. Nd5 Qe5 18. Nxf6+ Kg7 19. Nxg4 Qg5 20. Nf6
Red8 21. Nd5 Rac8 22. Kb1 c6 23. g3 cxd5 24. exd5 a6 25. Bb3 b5 26. h4 Qe7 27.
d6 Qd7 28. Rxf7+ Qxf7 29. Bxf7 Kxf7 30. d7 Rc7 31. Qd6 Ra7 32. Qd5+ Ke7 33.
Qe5+ Kf7 34. Rf2+ Kg8 35. Qe7 Raxd7 36. Rf8+ Rxf8 37. Qxd7 Rf1+ 38. Qd1 Rxd1#
0-1

[Event "SC Forchheim-SC Reti Heusweiler"]
[Site "?"]
[Date "2007.12.29"]
[Round "5.1"]
[White "Grewenig, Jan"]
[Black "Mons, Leon"]
[Result "0-1"]
[WhiteElo "1607"]
[BlackElo "1990"]
[PlyCount "92"]
[EventDate "2007.??.??"]

1. e4 e5 2. Nf3 Nc6 3. d4 exd4 4. Nxd4 Bb4+ 5. c3 Bc5 6. Nxc6 bxc6 7. Bc4 d6 8.
O-O Ne7 9. Qe2 O-O 10. b4 Bb6 11. a4 a5 12. Bg5 Be6 13. Nd2 Qd7 14. Kh1 h6 15.
Bxe7 Qxe7 16. f4 f6 17. f5 Bf7 18. Bxf7+ Qxf7 19. Qc4 axb4 20. cxb4 Qxc4 21.
Nxc4 Bd4 22. Ra3 Rfb8 23. Na5 Ra6 24. Nb3 Rxb4 25. Nxd4 Rxd4 26. Re1 Rdxa4 27.
Rxa4 Rxa4 28. g4 Ra2 29. Rc1 c5 30. Kg1 Re2 31. Rc4 Kf7 32. h3 Ke7 33. Kf1 Rb2
34. Rc3 Rb4 35. Re3 c4 36. Ke2 Rb3 37. Kd2 Rxe3 38. Kxe3 d5 39. exd5 Kd6 40.
Kd4 c3 41. Kxc3 Kxd5 42. Kd3 Ke5 43. Ke3 h5 44. Kf3 c5 45. Ke3 hxg4 46. hxg4 c4
0-1

[Event "Weisse Dame Hamburg-TuS Makkabi Berlin"]
[Site "?"]
[Date "2007.12.29"]
[Round "5.4"]
[White "Petru, Dennis"]
[Black "Lerch, Philipp"]
[Result "0-1"]
[WhiteElo "1073"]
[BlackElo "1569"]
[PlyCount "56"]
[EventDate "2007.??.??"]

1. e4 c5 2. Nf3 Nc6 3. d4 cxd4 4. Nxd4 Nf6 5. Nc3 e5 6. Ndb5 d6 7. Bg5 a6 8.
Na3 b5 9. Bxf6 gxf6 10. Nd5 f5 11. c3 Bg7 12. exf5 Bxf5 13. Nc2 O-O 14. Nce3
Bg6 15. Be2 Re8 16. O-O Kh8 17. Kh1 a5 18. b4 f5 19. f4 axb4 20. cxb4 exf4 21.
Rc1 fxe3 22. Rxc6 Be5 23. Rf3 f4 24. Rh3 Qg5 25. Bf3 Rg8 26. Rc7 Rac8 27. Qc1
e2 28. Bxe2 Be4 {Aufgabe Weiss} 0-1

[Event "SV Empor Erfurt-SK Gründau"]
[Site "?"]
[Date "2007.12.29"]
[Round "5.2"]
[White "Schneider, Jan"]
[Black "Tautz, Jonas"]
[Result "1/2-1/2"]
[WhiteElo "1477"]
[BlackElo "1323"]
[PlyCount "90"]
[EventDate "2007.??.??"]

1. d4 d5 2. c4 dxc4 3. Nc3 c5 4. Nf3 e6 5. Bf4 Nc6 6. dxc5 Qxd1+ 7. Rxd1 Bxc5
8. e3 Nge7 9. Bxc4 O-O 10. O-O Kh8 11. Ne4 Bb6 12. Bd6 f6 13. Bb5 Rd8 14. Bxc6
Nxc6 15. Bc5 Rxd1 16. Rxd1 Bxc5 17. Nxc5 e5 18. h3 b6 19. Nb3 Ba6 20. Rd6 Bb5
21. Nbd2 Rd8 22. Rxd8+ Nxd8 23. Nb1 Ne6 24. Nc3 Bc6 25. Kf1 Kg8 26. Ke2 Kf7 27.
Kd3 Bxf3 28. gxf3 Ng5 29. Nb5 a6 30. Nc7 Nxh3 31. Nxa6 Nxf2+ 32. Ke2 Nh3 33. b4
Ke7 34. a4 Kd7 35. a5 bxa5 36. bxa5 Kc6 37. Nb4+ Kb5 38. a6 Kb6 39. Kf1 Ng5 40.
Kg2 h5 41. Kg3 h4+ 42. Kxh4 Nxf3+ 43. Kh5 Nd2 44. Kg6 Nc4 45. Kxg7 Nxe3 1/2-1/2

[Event "Wilhelmshavener SF-BSG Chemie Leipzig"]
[Site "?"]
[Date "2007.12.29"]
[Round "5.1"]
[White "Müller, Marius"]
[Black "Heermann, Kai"]
[Result "0-1"]
[WhiteElo "1485"]
[BlackElo "1379"]
[PlyCount "146"]
[EventDate "2007.??.??"]

1. e4 e5 2. Nf3 Nc6 3. d4 exd4 4. Bc4 Nf6 5. e5 d5 6. Bb5 Ne4 7. Nxd4 Bc5 8.
Be3 Bd7 9. Bxc6 Bxc6 10. Nxc6 bxc6 11. Bxc5 Nxc5 12. O-O Rb8 13. b3 O-O 14. Qd4
Qe7 15. Nd2 a5 16. Rfe1 Rfd8 17. Nf3 Rb4 18. Qd2 Ne4 19. Qd3 Nc5 20. Qd2 Ne4
21. Qd3 Qc5 22. Re3 Qe7 23. Nd4 Rb6 24. Nf5 Qxe5 25. Rae1 Qxf5 26. Rxe4 Rbb8
27. R4e3 Qxd3 28. Rxd3 Re8 29. Rde3 Kf8 30. f3 Rxe3 31. Rxe3 Re8 32. Rc3 Re6
33. Kf2 Ke7 34. Rc5 Kd6 35. Rxa5 Re8 36. Ra4 Rb8 37. Rh4 h6 38. c3 Ra8 39. a4
c5 40. Ke3 Re8+ 41. Kd2 Rb8 42. Kc2 Re8 43. Kd2 Kd7 44. Rh5 c6 45. Rh4 Ra8 46.
Rf4 f6 47. Ke3 Ke7 48. h3 g5 49. Rf5 Ke6 50. g4 Rb8 51. f4 Rxb3 52. Kd3 Ra3 53.
fxg5 hxg5 54. Rf1 Rxa4 55. Re1+ Kd7 56. Rf1 Ke7 57. Re1+ Kf7 58. Rb1 Rf4 59.
Ke2 d4 60. cxd4 cxd4 61. Rc1 Re4+ 62. Kf2 Re6 63. h4 gxh4 64. Rh1 d3 65. Rxh4
d2 66. Rh1 Kg6 67. Rd1 Rd6 68. Ke3 Kg5 69. Kf3 c5 70. Ke4 c4 71. Ke3 c3 72. Kf2
c2 73. Ke2 cxd1=Q+ {Aufgabe Weiss} 0-1

[Event "Wilhelmshavener SF-BSG Chemie Leipzig"]
[Site "?"]
[Date "2007.12.29"]
[Round "5.3"]
[White "Richter, Leonard"]
[Black "Hellwig, Immo"]
[Result "1-0"]
[WhiteElo "1349"]
[BlackElo "1084"]
[PlyCount "33"]
[EventDate "2007.??.??"]

1. e4 e5 2. Nf3 Nc6 3. d4 exd4 4. Bc4 Nf6 5. O-O Nxe4 6. Re1 d5 7. Bxd5 Qxd5 8.
Nc3 Qh5 9. Nxe4 Be6 10. Bg5 h6 11. Bh4 g5 12. Nf6+ Ke7 13. Nxh5 gxh4 14. Nxh4
Rd8 15. Qe2 Kd7 16. Ng6 Rg8 17. Nf6+ {Aufgabe Schwarz} 1-0

[Event "Wilhelmshavener SF-BSG Chemie Leipzig"]
[Site "?"]
[Date "2007.12.29"]
[Round "5.4"]
[White "Großklaus, Igor"]
[Black "Schmücker, Felix"]
[Result "1-0"]
[WhiteElo "1191"]
[BlackElo "1077"]
[PlyCount "67"]
[EventDate "2007.??.??"]

1. e4 d5 2. exd5 Nf6 3. Nc3 Nxd5 4. Nge2 Nxc3 5. Nxc3 e5 6. Bc4 Bc5 7. d3 Nc6
8. O-O O-O 9. Be3 Nd4 10. Na4 Be7 11. c3 Nc6 12. Bc5 Bxc5 13. Nxc5 b6 14. Qf3
Qd6 15. Ne4 Qd7 16. Bb5 Bb7 17. Rfe1 f5 18. Bc4+ Kh8 19. Ng5 Rae8 20. Nxh7 g6
21. Nxf8 Rxf8 22. Qh3+ Qh7 23. Qxh7+ Kxh7 24. Re3 Re8 25. Bd5 Kg7 26. Rb1 Ba8
27. f4 Kf6 28. b3 b5 29. fxe5+ Rxe5 30. Rxe5 Kxe5 31. c4 a6 32. Re1+ Kd6 33.
Re8 Bb7 34. Rg8 {Schwarz-Verlust durch Zeit} 1-0

[Event "TuS Makkabi Berlin-SF Köln-Mülheim"]
[Site "?"]
[Date "2007.12.29"]
[Round "6.1"]
[White "Pauly, Carlo"]
[Black "Galkin, Wladislaw"]
[Result "1-0"]
[WhiteElo "1649"]
[BlackElo "1737"]
[PlyCount "77"]
[EventDate "2007.??.??"]

1. d4 d5 2. c4 e6 3. Nc3 Nf6 4. cxd5 exd5 5. Bg5 Nbd7 6. e3 Be7 7. Bd3 O-O 8.
Qc2 Re8 9. Nge2 c6 10. O-O Nf8 11. Rae1 Ng6 12. f3 a5 13. e4 dxe4 14. fxe4 Ng4
15. Bc1 c5 16. Bc4 Rf8 17. Nd5 cxd4 18. Nxd4 Bc5 19. Rd1 Qd6 20. g3 Qe5 21. Qd3
Qh5 22. Qe2 Qe5 23. Qd3 Be6 24. Kh1 b5 25. Nxb5 Nf2+ 26. Rxf2 Bxf2 27. Bd2 Qh5
28. Bc3 Bg4 29. Rg1 Bf3+ 30. Rg2 Bxg3 31. Kg1 Bxg2 32. Kxg2 Qxh2+ 33. Kf3 Qf2+
34. Kg4 Ne5+ 35. Bxe5 f5+ 36. exf5 h5+ 37. Kxh5 Rxf5+ 38. Kg6 Ra6+ 39. Nf6+ 1-0

[Event "SC Forchheim-SV Empor Erfurt"]
[Site "?"]
[Date "2007.12.29"]
[Round "6.2"]
[White "Nöttling, Dominik"]
[Black "Schneider, Jan"]
[Result "1-0"]
[WhiteElo "1755"]
[BlackElo "1477"]
[PlyCount "47"]
[EventDate "2007.??.??"]

1. e4 e5 2. Nf3 Nc6 3. Bb5 Nf6 4. O-O Bb4 5. c3 Ba5 6. Bxc6 dxc6 7. Nxe5 Be6 8.
Re1 O-O 9. d4 Nd7 10. Nd3 Bc4 11. Nf4 Nf6 12. Qa4 Bxc3 13. bxc3 Bb5 14. Qc2 Re8
15. Nd2 c5 16. Bb2 cxd4 17. cxd4 Qd7 18. Rac1 Rac8 19. Re3 Ng4 20. Rg3 Nf6 21.
e5 Nd5 22. Nxd5 Qxd5 23. Ne4 Red8 24. Nf6+ 1-0

[Event "SC Forchheim-SV Empor Erfurt"]
[Site "?"]
[Date "2007.12.29"]
[Round "6.3"]
[White "Allin, Alexander"]
[Black "Stephan, Michael"]
[Result "0-1"]
[WhiteElo "1233"]
[BlackElo "1726"]
[PlyCount "142"]
[EventDate "2007.??.??"]

1. e4 e5 2. Nf3 Nc6 3. Bc4 Nf6 4. d3 Bc5 5. c3 O-O 6. Bg5 h6 7. Bh4 d6 8. Bb3
Re8 9. Nbd2 Bg4 10. h3 Bh5 11. g4 Bg6 12. Nf1 Bb6 13. Bg3 d5 14. Qc2 dxe4 15.
dxe4 Bxe4 16. Qe2 Bd3 17. Qd2 Be4 18. Bd1 Qxd2+ 19. N1xd2 Bd3 20. Be2 Bxe2 21.
Kxe2 e4 22. Nd4 Bxd4 23. cxd4 Nxd4+ 24. Kf1 c6 25. Re1 Rad8 26. Kg2 Nc2 27. Re2
Nb4 28. a3 Nd3 29. b4 Nd5 30. Rxe4 Nc3 31. Rxe8+ Rxe8 32. Nc4 b6 33. Nd6 Re2
34. Ra1 Re7 35. Nc4 Re2 36. Ne3 Rb2 37. Nd1 Rb1 38. Rxb1 Nxb1 39. Bb8 a6 40.
Ba7 b5 41. Bd4 Nxa3 42. Bc3 Nc2 43. Nb2 Nxb2 44. Bxb2 Nxb4 45. Kf3 f6 46. Ke3
Kf7 47. f4 c5 48. Kd2 Nd5 49. f5 Ke7 50. Kd3 Kd6 51. Ke4 a5 52. h4 a4 53. Bc1
Kc6 54. g5 hxg5 55. hxg5 b4 56. gxf6 gxf6 57. Bb2 a3 58. Bc1 Nc3+ 59. Kd3 Na4
60. Kc2 a2 61. Bb2 Nxb2 62. Kxb2 b3 63. Ka1 Kd5 64. Kb2 Ke5 65. Ka1 Kxf5 66.
Kb2 Ke4 67. Ka1 c4 68. Kb2 c3+ 69. Ka1 c2 70. Kb2 a1=Q+ 71. Kxa1 c1=Q# 0-1

[Event "SC Reti Heusweiler-SK Ettlingen"]
[Site "?"]
[Date "2007.12.29"]
[Round "6.2"]
[White "Holle, Eric"]
[Black "Weber, Clemens"]
[Result "1-0"]
[WhiteElo "1340"]
[BlackElo "1326"]
[PlyCount "49"]
[EventDate "2007.??.??"]

1. e4 e5 2. Nc3 Nf6 3. f4 d6 4. Nf3 Nbd7 5. Bc4 Be7 6. d3 O-O 7. f5 c6 8. Be3
Nb6 9. Bb3 Qc7 10. Qd2 Rd8 11. Qf2 d5 12. Bxb6 axb6 13. O-O-O d4 14. Ne2 c5 15.
Qh4 Bd7 16. a3 h6 17. g4 Nd5 18. Qh5 Rf8 19. Bxd5 b5 20. g5 hxg5 21. Nxg5 Bxg5+
22. Qxg5 Kh8 23. Rhg1 g6 24. Qh6+ Kg8 25. f6 1-0

[Event "SC Reti Heusweiler-SK Ettlingen"]
[Site "?"]
[Date "2007.12.29"]
[Round "6.4"]
[White "Schirra, Felix"]
[Black "Kupferschmid, Gernot"]
[Result "0-1"]
[WhiteElo "1216"]
[BlackElo "1204"]
[PlyCount "78"]
[EventDate "2007.??.??"]

1. c4 c5 2. Nc3 Nf6 3. g3 d5 4. cxd5 Nxd5 5. Bg2 Nc7 6. Nf3 Nc6 7. O-O e5 8. d3
Be7 9. Qb3 O-O 10. Be3 b6 11. Nxe5 Nxe5 12. Bxa8 Be6 13. Qc2 Qxa8 14. Bf4 f6
15. Qd2 Bh3 16. f3 Bxf1 17. Rxf1 Bd6 18. Ne4 Qc6 19. d4 Nc4 20. Qc1 Bxf4 21.
Qxc4+ Qd5 22. Qxd5+ Nxd5 23. gxf4 cxd4 24. f5 Ne3 25. Re1 Nxf5 26. Rd1 Rc8 27.
Rd2 Kf7 28. h4 Kg6 29. Kg2 Nxh4+ 30. Kh3 Nf5 31. Nf2 Rd8 32. Ng4 Kg5 33. e3 h5
34. f4+ Kg6 35. Nf2 Nxe3 36. Nd3 Kf5 37. Kh4 g5+ 38. fxg5 fxg5+ 39. Kxh5 Rh8#
0-1

[Event "SK Gründau-SC Einheit Bautzen"]
[Site "?"]
[Date "2007.12.29"]
[Round "6.4"]
[White "Steppat, Sebastian"]
[Black "Röpke, Markus"]
[Result "1/2-1/2"]
[WhiteElo "1002"]
[BlackElo "1138"]
[PlyCount "69"]
[EventDate "2007.??.??"]

1. e4 c5 2. Nf3 e6 3. d4 cxd4 4. Nxd4 a6 5. Bd3 Qc7 6. O-O Nc6 7. c3 b5 8. Re1
Nf6 9. h3 Be7 10. Nd2 Bb7 11. Nf1 O-O 12. Ng3 Bc5 13. Be3 Nxd4 14. Bxd4 Bxd4
15. cxd4 d6 16. Qc2 Qxc2 17. Bxc2 Rac8 18. Bd3 g6 19. a4 b4 20. a5 e5 21. d5
Rc5 22. Ra4 Bc8 23. Ne2 Bd7 24. Rxb4 Rxa5 25. Rb6 Bb5 26. Bxb5 Rxb5 27. Rxb5
axb5 28. Nc3 Rb8 29. b4 Ne8 30. Ra1 Nc7 31. g3 f5 32. f3 fxe4 33. fxe4 Rb7 34.
Kg2 Kf7 35. g4 1/2-1/2

[Event "Wilhelmshavener SF-Weisse Dame Hamburg"]
[Site "?"]
[Date "2007.12.29"]
[Round "6.1"]
[White "Pfeiffer, Daniel"]
[Black "Heermann, Kai"]
[Result "1-0"]
[WhiteElo "1670"]
[BlackElo "1379"]
[PlyCount "51"]
[EventDate "2007.??.??"]

1. e4 d5 2. exd5 Qxd5 3. Nc3 Qa5 4. d4 Nf6 5. Bc4 c6 6. Nf3 Bf5 7. Bd2 e6 8.
Qe2 Qc7 9. O-O-O Nbd7 10. Ne5 Nxe5 11. dxe5 Nd5 12. g4 Bg6 13. f4 O-O-O 14.
Rhf1 h6 15. f5 Bh7 16. Bxd5 cxd5 17. Nb5 Qb8 18. Rf3 Kd7 19. Nd4 a6 20. Rdf1
Be7 21. fxe6+ fxe6 22. Rf7 g5 23. Qf2 Rhf8 24. Rxe7+ Kxe7 25. Bb4+ Kd7 26. Bxf8
1-0

[Event "BSG Chemie Leipzig-LSV Turm Lippstadt"]
[Site "?"]
[Date "2007.12.29"]
[Round "6.1"]
[White "Tran, Duc Cuong"]
[Black "Müller, Marius"]
[Result "1/2-1/2"]
[WhiteElo "1709"]
[BlackElo "1485"]
[PlyCount "97"]
[EventDate "2007.??.??"]

1. c4 c5 2. Nc3 Nc6 3. g3 g6 4. Bg2 Bg7 5. d3 d6 6. e4 Bd7 7. Nge2 e6 8. a3
Nge7 9. O-O O-O 10. Be3 e5 11. h3 Kh8 12. Qd2 Qc8 13. Kh2 f5 14. Bh6 Rf7 15.
Bxg7+ Kxg7 16. f4 Be6 17. Rab1 Qc7 18. Nd5 Bxd5 19. exd5 Nd4 20. Nc3 exf4 21.
Qxf4 Ng8 22. b4 b6 23. Rb2 Qd8 24. bxc5 bxc5 25. Rfb1 Rc8 26. a4 g5 27. Qd2 Qf6
28. Rb7 Rcc7 29. Rxc7 Rxc7 30. Nb5 Nxb5 31. axb5 Rb7 32. Re1 Re7 33. Re6 Rxe6
34. dxe6 Qxe6 35. Qxg5+ Qg6 36. Qd8 Qe6 37. Qc7+ Qe7 38. Qc6 Nf6 39. Qf3 Kg6
40. Bf1 Qd7 41. Kg2 d5 42. Be2 dxc4 43. dxc4 h6 44. Bd3 Nh5 45. g4 Nf4+ 46.
Qxf4 Qxd3 47. gxf5+ Qxf5 48. Qg4+ Kf6 49. Kg3 1/2-1/2